<?xml version="1.0" encoding="UTF-8"?>
<record
    xmlns:xsi="http://www.w3.org/2001/XMLSchema-instance"
    xsi:schemaLocation="http://www.loc.gov/MARC21/slim http://www.loc.gov/standards/marcxml/schema/MARC21slim.xsd"
    xmlns="http://www.loc.gov/MARC21/slim">

  <leader>03395nam a2200373 a 4500</leader>
  <controlfield tag="001">000015411</controlfield>
  <controlfield tag="003">DO-SdBNP</controlfield>
  <controlfield tag="005">20210602133947.0</controlfield>
  <controlfield tag="008">100208t2004  dr 001 edspa d</controlfield>
  <datafield tag="020" ind1=" " ind2=" ">
    <subfield code="a">9993442216</subfield>
  </datafield>
  <datafield tag="040" ind1=" " ind2=" ">
    <subfield code="a">BPMSU </subfield>
    <subfield code="b">spa</subfield>
    <subfield code="c">BPMSU</subfield>
  </datafield>
  <datafield tag="082" ind1=" " ind2=" ">
    <subfield code="a">Ch861.4409</subfield>
    <subfield code="b">N454P</subfield>
    <subfield code="2">22</subfield>
  </datafield>
  <datafield tag="245" ind1="0" ind2="0">
    <subfield code="a">Pablo Neruda y su presencia en Santo Domingo :</subfield>
    <subfield code="b">ponencias de un encuentro inolvidable /</subfield>
    <subfield code="c">selecci&#xF3;n y pr&#xF3;logo Mateo Morrison ; presentaci&#xF3;n Carlos Esteban Deive ; edici&#xF3;n Andr&#xE9;s Blanco D&#xED;az.</subfield>
  </datafield>
  <datafield tag="260" ind1=" " ind2=" ">
    <subfield code="a">Santo Domingo :</subfield>
    <subfield code="b">Direcci&#xF3;n General de la Feria del Libro,</subfield>
    <subfield code="c">2004.</subfield>
  </datafield>
  <datafield tag="300" ind1=" " ind2=" ">
    <subfield code="a">258 p. ;</subfield>
    <subfield code="c">23 cm.</subfield>
  </datafield>
  <datafield tag="490" ind1="0" ind2=" ">
    <subfield code="a">Ferilibro</subfield>
    <subfield code="v">57</subfield>
  </datafield>
  <datafield tag="500" ind1=" " ind2=" ">
    <subfield code="a">Ponencias presentadas en el Seminario Internacional de Escritores sobre Pablo Neruda, celebrada en Santo Domingo, UASD, 1981.</subfield>
  </datafield>
  <datafield tag="500" ind1=" " ind2=" ">
    <subfield code="a">Feria dedicada al poeta chileno Pablo Neruda </subfield>
  </datafield>
  <datafield tag="500" ind1=" " ind2=" ">
    <subfield code="a">Incluyere bibliograf&#xED;a y notas al pie de p&#xE1;ginas.</subfield>
  </datafield>
  <datafield tag="505" ind1="0" ind2=" ">
    <subfield code="g">Presentaci&#xF3;n /</subfield>
    <subfield code="r">Carlos Esteban Deive --</subfield>
    <subfield code="g">Pr&#xF3;logo /</subfield>
    <subfield code="r">Mateo Morrison --</subfield>
    <subfield code="g">I Parte :</subfield>
    <subfield code="t">Ideolog&#xED;a y literatura, alcance y l&#xED;mite del compromiso /</subfield>
    <subfield code="r">Roberto Sosa (Honduras) --</subfield>
    <subfield code="t">Neruda y la identidad americana /</subfield>
    <subfield code="r">Andr&#xE9;s Bansart (Chile) --</subfield>
    <subfield code="t">Notas para un texto futuro /</subfield>
    <subfield code="r">Cecilia Vicu&#xF1;a (Chile) --</subfield>
    <subfield code="t">Compromiso y testimonio del entorno en la poes&#xED;a de Pablo Neruda /</subfield>
    <subfield code="r">Max Efra&#xED;n P&#xE9;rez (Bolivia) --</subfield>
    <subfield code="t">Pablo Neruda en mis recuerdos (Apuntes sobre el libro Confieso que he vivido) /</subfield>
    <subfield code="r">Rogelio Sin&#xE1;n (Panam&#xE1;) --</subfield>
    <subfield code="t">Pablo Neruda en el vivo recuerdo: De Residencia en la Tierra a Espa&#xF1;a en el coraz&#xF3;n /</subfield>
    <subfield code="r">Alberto Baeza Flores (Chile) --</subfield>
    <subfield code="t">El papel del intelectual hoy en Am&#xE9;rica Latina /</subfield>
    <subfield code="r">Juan Carmelo Garc&#xED;a (Espa&#xF1;a) --</subfield>
    <subfield code="t">El furor m&#xFA;ltiple del verso nerudiano irradiado desde Veinte poemas de amor y una canci&#xF3;n desesperada /</subfield>
    <subfield code="r">Carlos Marcelo Constanzo (Argentina) --</subfield>
    <subfield code="t">Los chancros en las visiones de un dios (Santa Teresa, Sade, Artaud) /</subfield>
    <subfield code="r">Iv&#xE1;n Silen (Puerto Rico) --</subfield>
    <subfield code="t">La sed de amor en Pablo Neruda /</subfield>
    <subfield code="r">Edna Coli (Puerto Rico) --</subfield>
    <subfield code="t">Neruda y su visi&#xF3;n de Quevedo como una po&#xE9;tica de la libertad /</subfield>
    <subfield code="r">Roberto Juarroz (Argentina) --</subfield>
    <subfield code="g">II Parte :</subfield>
    <subfield code="t">Fundamentos de la producci&#xF3;n textual /</subfield>
    <subfield code="r">Bruno Rosario Candelier (Rep&#xFA;blica Dominicana) --</subfield>
    <subfield code="t">Mito y unidad am&#xE9;ricana en el Canto general de Pablo Neruda /</subfield>
    <subfield code="r">Manuel A. Matos Moquete (Rep&#xFA;blica Dominicana) --</subfield>
    <subfield code="t">La poes&#xED;a de Neruda: un arma para la lucha de los pueblos /</subfield>
    <subfield code="r">Abelardo Vicioso (Rep&#xFA;blica Dominicana) --</subfield>
    <subfield code="t">Neruda: testimonio del poeta y su poes&#xED;a /</subfield>
    <subfield code="r">Manuel Mora Serrano (Rep&#xFA;blica Dominicana) --</subfield>
    <subfield code="t">Im&#xE1;genes de la chilenidad en Pablo Neruda /</subfield>
    <subfield code="r">Manuel Rueda (Rep&#xFA;blica Dominicana) --</subfield>
    <subfield code="t">Ideolog&#xED;a de la diferencia en la escritura latinoamericana /</subfield>
    <subfield code="r">Enrique Eusebio (Rep&#xFA;blica Dominicana) --</subfield>
    <subfield code="t">El tratamiento de la mujer en la po&#xE9;tica de Pablo Neruda /</subfield>
    <subfield code="r">Emelda Ramos (Rep&#xFA;blica Dominicana).</subfield>
  </datafield>
  <datafield tag="586" ind1=" " ind2=" ">
    <subfield code="a">Premio Nobel de Literatura </subfield>
  </datafield>
  <datafield tag="590" ind1=" " ind2=" ">
    <subfield code="a">Inventariado, 2021/VM</subfield>
  </datafield>
  <datafield tag="600" ind1="1" ind2="4">
    <subfield code="a">Neruda, Pablo </subfield>
    <subfield code="d">1904-1973</subfield>
    <subfield code="x">Ensayos, conferencias, etc. </subfield>
  </datafield>
  <datafield tag="600" ind1="1" ind2="4">
    <subfield code="a">Neruda, Pablo </subfield>
    <subfield code="d">1904-1973</subfield>
    <subfield code="x">Cr&#xED;tica e interpretaci&#xF3;n </subfield>
  </datafield>
  <datafield tag="650" ind1=" " ind2="4">
    <subfield code="a">Literatura chilena</subfield>
    <subfield code="x">Historia y cr&#xED;tica</subfield>
  </datafield>
  <datafield tag="650" ind1=" " ind2="4">
    <subfield code="a">Poetas chilenos</subfield>
    <subfield code="x">Cr&#xED;tica e interpretaci&#xF3;n</subfield>
  </datafield>
  <datafield tag="650" ind1=" " ind2="4">
    <subfield code="a">Autores en literatura</subfield>
  </datafield>
  <datafield tag="700" ind1="1" ind2=" ">
    <subfield code="a">Morrison, Mateo,</subfield>
    <subfield code="d">1947-</subfield>
    <subfield code="e">comp.</subfield>
  </datafield>
  <datafield tag="700" ind1="1" ind2=" ">
    <subfield code="a">Blanco D&#xED;az, Andr&#xE9;s</subfield>
    <subfield code="e">ed.</subfield>
  </datafield>
  <datafield tag="700" ind1="1" ind2=" ">
    <subfield code="a">Deive, Carlos Esteban,</subfield>
    <subfield code="d">1935-</subfield>
  </datafield>
  <datafield tag="711" ind1="2" ind2=" ">
    <subfield code="a">Feria Internacional del Libro </subfield>
    <subfield code="n">(7a :</subfield>
    <subfield code="d">2004 :</subfield>
    <subfield code="c">Santo Domingo)</subfield>
    <subfield code="h"> </subfield>
  </datafield>
  <datafield tag="910" ind1=" " ind2=" ">
    <subfield code="a">VMateo </subfield>
  </datafield>
  <datafield tag="942" ind1=" " ind2=" ">
    <subfield code="2">ddc</subfield>
    <subfield code="c">BK</subfield>
  </datafield>
  <datafield tag="952" ind1=" " ind2=" ">
    <subfield code="0">0</subfield>
    <subfield code="1">0</subfield>
    <subfield code="2">ddc</subfield>
    <subfield code="4">0</subfield>
    <subfield code="7">0</subfield>
    <subfield code="8">CD</subfield>
    <subfield code="a">BPMET</subfield>
    <subfield code="b">BPMET</subfield>
    <subfield code="d">2021-06-02</subfield>
    <subfield code="e">Espacio Culturales</subfield>
    <subfield code="o">BPMSU CD Ch861.4409 N454P 2004</subfield>
    <subfield code="p">BPMSU21060016</subfield>
    <subfield code="r">2021-06-02</subfield>
    <subfield code="w">2021-06-02</subfield>
    <subfield code="y">BK</subfield>
  </datafield>
  <datafield tag="999" ind1=" " ind2=" ">
    <subfield code="c">13554</subfield>
    <subfield code="d">13554</subfield>
  </datafield>
</record>
